101-200 AD Quiz - Statistics

General Stats
  • This quiz has been taken 11 times
  • The average score is 3 of 5
Answer Stats
Hint Date Answer % Correct
In which city the Pantheon was built. 126AD Rome
100%
What modern-day Arab country the above conquered to rise the empire at its peak. 114/115AD Iraq
78%
Who started building the Hadrian's wall. 122AD Hadrian
67%
Who was the Roman emperor at its peak. 117AD Trajan
67%
Who was the only ruler till now under whom Rome did not fight in a war. 138/161AD Antoninus Pius
22%
No matching quizzes found
Score Distribution
Percent of People with Each Score
Percentile by Number Answered
Your Score History
You have not taken this quiz